[Event "TCh-FRA Nat1 GpB"]
[Site "CXC"]
[Date "2004.04.01"]
[Round "4"]
[White "Akopian, Vladimir"]
[Black "Izoria, Zviad"]
[Result "1-0"]
[WhiteElo "2693"]
[BlackElo "2553"]
[EventDate "2004.01.30"]
[Annotator "Maxim Notkin"]
[PlyCount "87"]
[Source "Chess Today"]
[SourceDate "2004.04.15"]

1. e4 c6 2. d4 d5 3. Nd2 dxe4 4. Nxe4 Bf5 5. Ng3 Bg6 6. h4 h6 7. Nf3 Nd7 8. h5
Bh7 9. Bd3 Bxd3 10. Qxd3 e6 11. Bf4 Ngf6 ({Se as pretas nao jogarem} 11... Qa5+
12. Bd2 Qc7 {significa que elas nao vao rocar grande.}) 12. O-O-O Be7 13. Kb1 (
{Este lance e mais flexivel e, portanto, mais popular do que} 13. Ne4 Nxe4
14. Qxe4 Nf6 15. Qd3 Qa5 16. Kb1 O-O
{que foi jogado, por exemplo, na partida Akopian - Bareev, Enghien les Bains 2003})
13... O-O 14. Ne4
{As brancas abrem caminho para o peao g, que tem a missao de destruir o escudo do Rei preto.}
14... Qb6 (
{As partidas Shirov - Kramnik, Russia contra o Resto do Mundo 2002, Kasparov - Anand, Linares 2003 e Topalov - Akopian, Wijk aan Zee 2004 mostraram as dificuldades pretas no final que surge apos} 
14... Nxe4 15. Qxe4 Nf6 16. Qe2 Qd5 17. Ne5 Qe4 18. Qxe4 Nxe4 19. Rhe1 $1 Nf6 (
{e duvidoso} 19... Nxf2 20. Rd2 Bh4 21. Ree2 (21. g3 $2 Nh3 $1) 21... Nh1
22. Rd3 {e as pecas menores pretas estao em dificuldades}) 20. g4
{as brancas tem vantagem de espaco e a maioria de peoes na ala da dama adquire importancia se as pretas aplicarem o tipico metodo de liberacao de jogo com c6-c5}) (
{recentemente poucas partidas interessantes foram jogadas na aguda linha} 
14... Qa5 15. g4 $5 Nxg4 16. Ne5) 15. Nxf6+ Nxf6 16. g4 $5 Nxg4 17. Rdg1
{Judit explorou esta ideia para surpreender Anand em Wijk aan Zee 2003. A partida acabou em empate, mas Anand teve que mostrar todo o seu poder defensivo para desviar o ataque branco. A diferenca e que a Dama preta estava em a5 e aqui Anand jogou Df5.}
17... f5 ({E facil ver que} 17... Nxf2 {e extremamente perigoso por causa de}
18. Qe3 Nxh1 19. Bxh6 {e se} 19... Bf6 20. Bxg7 Bxg7 21. Qg5 {ganhando.})
18. Ne5 Rad8 ({No caso de} 18... Nxe5 19. Bxe5 Bf6 20. Qg3 Bxe5 21. Qxe5 Rf7
22. Rg6 {as brancas recuperam o peao, mantendo uma forte iniciativa}) (
18... Bf6 {merece consideracao, pois apos} 19. Nd7 Qxd4
{as pretas ficam com boa compensacao pela qualidade.}) 19. Nxg4 (
{Outra interessante opcao e} 19. Qg3
{ameacando f2-f3. As pretas possuem varios recursos taticos para tomar o controle da situacao -}
19... Rxd4 $1 (19... Bf6 20. f3) 20. f3 ({ou} 20. Be3 Bd6 $1 21. f4 Bxe5
22. fxe5 c5 23. Bxd4 cxd4 {e o Rei preto esta bastante seguro.}) 20... Rxf4
21. Qxf4 Bg5 22. Qg3 Nxe5 23. Qxe5 c5 {seguido de Bf6.}) 19... fxg4 20. Bxh6 $1
Qxd4 $2 (20... gxh6 $4 21. Qg6+ Kh8 22. Qxh6+ Kg8 23. Rxg4+) ({era correto} 
20... Rxd4 21. Qg6 Bf6 22. c3 ({mas nao} 22. Be3 $4 Rd1+) 22... Rd7 23. Be3 Qb5
{planejando Df5 para trocar as Damas.}) 21. Qe2
{Ha tres peoes fracos na posicao das pretas - e6, g4 e g7.} 21... Qf6 22. Bc1
$1
{O Bispo transfere o ataque direto em g7 para o peao. Ao mesmo tempo, ele esta pronto para, agora em outro posto, juntar-se ao ataque.}
22... Rd7 23. h6 g5 24. b3 $6 (
{Tomado pela ideia da transferencia do Bispo para a grande diagonal, Akopian deixa passar uma simples vitoria apos} 
24. Bxg5 $1 Qf5 (24... Qxg5 25. Qxe6+) (24... Qf7 25. Bxe7 Rxe7 26. Qxg4+ Kh8
27. Qg7+) 25. Bxe7 Rxe7 26. Rxg4+) 24... e5 25. Bb2 {#} (25. Bxg5 $1) (25. Rxg4
Qf3 26. Qxe5 $1 Bf6 27. Qe6+) 25... Rd5 ({Era melhor} 25... Kh7
{e mais importante parar o peao branco do que salvar o peao de e5.}) 26. h7+
Kh8 27. Rxg4 Qf3 $5 28. Qxf3 (28. Bxe5+ $2 {perde para} 28... Rxe5 29. Qxe5+
Bf6 30. Qe4 Qc3) 28... Rxf3 29. c4 Rd8 30. Bxe5+ Bf6 31. Rxg5
{O resto da partida e bastante divertido} 31... Rxf2 (31... Bxe5 32. Rxe5 Rxf2
33. Re7 $18) 32. Rhg1 $2 ({Apos} 32. Rg2 $1 Rf5 33. Bd6 $5
{seguido de 5, as brancas conseguiriam um peao a mais no final. E como e forte esse peao!})
32... Rd7 $1 (32... Bxe5 33. Rg8+ Kxh7 34. Rxd8 Rb2+ 35. Kc1 Rxa2 36. Rg4
{e a ma colocacao do Rei preto corta toda a esperanca preta.}) 33. Rg8+ Kxh7
34. R8g3 Kh8 {A unica defesa} 35. Rg8+ Kh7 36. Rf8
{A Torre invade a retaguarda e novamente as pretas encontram a unica resposta}
36... Rg7 $1 37. Rh1+ Kg6 38. Rg1+ Kh7 39. Rd1 Kg6 40. Rd6 $5
{O Bispo esta cravado, mas ainda nao e o fim. Infelizmente esse era o lance derradeiro do controle de tempo: o lance 40...}
40... Rf7 $2 ({Apos o unico lance calmo} 40... Kh7
{as pretas ameacam mate na primeira fila e a Torre branca tem que recuar:}
41. Rd1 Kg6) 41. Rxf7 Kxf7 42. Bxf6 Rxf6 43. Rd7+ Ke8 44. Rxb7
{As pretas abandonam.} ({Apos} 44. Rxb7 a5 45. Ra7 Rf5 46. Kb2 Kd8 47. Ka3
{nao tem como defender o peao a5.}) 1-0

[Event "ACP Inaugural Internet Final"]
[Site "CXC"]
[Date "2004.04.17"]
[Round "1.4"]
[White "Najer, Evgeniy"]
[Black "Svidler, Peter"]
[Result "0-1"]
[WhiteElo "2747"]
[BlackElo "2745"]
[EventDate "2004.04.17"]
[Annotator "Mikhail Golubev"]
[PlyCount "78"]
[Source "Chess Today"]
[SourceDate "2004.04.18"]

1. e4 c5 2. Nc3 e6 3. Nf3 Nc6 4. d4 cxd4 5. Nxd4 d6 6. Be3 Nf6 7. f3 Be7
8. Qd2 O-O 9. g4 Nxd4 10. Bxd4 a6 11. O-O-O
{Nesta tipica posicao da Defesa Siciliana as brancas esperam atacar na ala do rei, ao passo que as esperancas pretas estao na ala da dama e, possivelmente, tambem no centro, onde elas possuem a maioria de Peoes.}
11... Nd7 12. Kb1 b5 13. h4 Bb7 14. a3 Ne5 $146 {Uma novidade.} (
{Em 2001 eu joguei o Campeonato Suico Aberto em Scuol e vi uma interessante partida jogada entre Jenni-Fogt:} 
14... Rc8 15. g5 Ne5 16. Qe3 Nc4 17. Bxc4 Rxc4 18. Rhg1 Qc7 (18... b4 $6
{Topalov-Kasparov, Novgorod 1995}) 19. Bf6 b4 20. axb4 Rxb4 21. Bxe7 Qxe7
22. Rd4 a5 23. Rgd1 Rb8 24. Rxd6 Bd5 $1 25. Qc5 $1 Rxb2+ 26. Kc1
{e aqui Vogt deveria ter jogado} 26... R2b7 $1
{e as pretas ainda estao na partida} ({ao inves de} 26... Rxc2+ $2) 27. exd5
Rc7 $1 28. Rb6 Qxc5 29. Rxb8+ Rc8 30. Rxc8+ Qxc8 31. d6 Qxc3 32. d7 Qa3+
{empate.}) 15. Qf2 Nc6 16. Bb6 $1 Qb8 (16... Qd7
{tambem tem seus pontos fracos.}) 17. g5 b4
{Nao parece impressionante, mas o que as pretas poderiam fazer? Svidler esta tentando ativar as pecas dele.}
18. axb4 Nxb4 19. g6 $5 ({O menos radical} 19. h5
{tambem era interessante para as brancas.} 19... Bxg5 ({o melhor a tentar era} 
19... d5 $5) 20. h6 $1 {e mau para as pretas, porque depois de} 20... g6
21. Qd4 {o ataque duplo decide a partida.}) 19... fxg6 ({Nao} 19... hxg6 $2
20. h5 {com a mesma ideia:} 20... g5 21. h6 g6 22. Qd4 {ganhando.}) 20. h5 Bf6
{A posicao das pretas corre perigo e nao esta facil dizer qual caminho de defesa poderia proporcionar maior chance.} (
{Depois de} 20... g5 $6 21. h6 {novamente destroi a posicao preta}) ({se} 
20... gxh5 21. Rxh5 {dificilmente as pretas conseguem tempo para} 21... Bf6 $6
{, por exemplo} 22. Bc4 Qe8 23. Qh2 Rc8 24. Bb3 h6 25. Rxd6) ({O passivo} 
20... Qe8 $5 {deixa muitas continuacoes promissoras para as brancas.}) 21. hxg6
h6 22. Bc4 d5 $5 23. Bb3 $6 ({Najer deveria ter jogado} 23. exd5 $1
{e a melhor chance preta reside no lance} 23... Rc8 $1 ({entretanto nao} 
23... Bxc3 $2 24. dxe6 $1) ({e tambem nao} 23... exd5 $2 24. Nxd5 Nxd5 25. Rxd5
Bxd5 26. Bxd5+ Kh8 27. Qe3)) 23... a5 $1 24. Bd4 ({Agora depois de} 24. exd5
{as pretas podem jogar} 24... a4 $1) 24... Bc6 $6
{Parece que Svidler esqueceu que as brancas podem ganhar o peao d5 (ou nao viu o 27_ lance branco).} (
24... a4 $5 {era um meio muito mais interessante de sacrificar um Peao.})
25. Bxf6 Rxf6 26. exd5 a4 $1 27. Bc4 $1 exd5 28. Nxd5 Nxd5 29. Rxd5 Kh8 $2
{Um erro real, que inclusive poderia ter custado a partida.} ({Depois de} 
29... Bxd5 $1 30. Bxd5+ Kh8 31. Bxa8 Qxa8
{as pretas recuperariam o peao (as brancas nao conseguem defender g6 e f3), e as chances seriam iguais.})
30. Qd2 $2 (
{Havia uma solucao, mas era realmente dificil de se encontrar em uma partida relampago.} 
30. Qd4 $3 Qf8 ({igualmente belo seria a resposta para} 30... Rxg6 31. Rg5 $3)
31. Rf5 $3 Qd6 32. Rxh6+ gxh6 33. Qxf6+ Qxf6 34. Rxf6
{com uma posicao completamente ganha.}) 30... Rxg6
{as pretas eliminaram o Peao perigoso e estao ligeiramente melhores agora.}
31. Rc5 $6 ({Era melhor} 31. Rdh5
{depois do qual as pretas deveriam defender o Peao h6 com} 31... Qf8 ({ou} 
31... Qd6)) 31... a3 ({O guloso} 31... Bxf3 $5
{era possivel, no entanto Svidler visa a consolidar as forcas dele primeiro.})
32. b3 Qf8 33. Qd4 Rd8 $2 (33... Qxf3 $1 $17 {era o melhor, e depois de}
34. Rf1 {as pretas jogam} 34... Rd6 $1 ({ou} 34... a2+ 35. Ka1 Rd6 $1)) 34. Qe3
$2 (34. Rf5 $1 {levaria a uma posicao muito vantajosa.}) 34... Qf6 $5 35. Re5 (
{Claramente favorece o segundo jogador} 35. Qe5 Qxf3 $1) 35... Rg2 $1
{Planejando 36...a2+.} 36. Bd3
{Najer defende, usando seis dos ja nao muitos segundos restantes (havia tambem um segundo de incremento a cada lance).}
36... a2+ $1 {Mesmo assim e bom.} (
{As pretas nao poderiam tomar em f3 com nenhuma das pecas:} 36... Qxf3 $4
37. Rxh6+) ({ou} 36... Bxf3 $4 37. Re8+) 37. Kxa2 $4
{Finalmente, um erro gravissimo.} ({Depois de} 37. Ka1 $1 Rg3 ({ou} 37... Rf2)
38. Re1 Rxf3 39. Qc5
{As brancas estao levemente inferiores, porem as pretas precisam lutar um pouco. Agora Svidler ganha no ato.})
37... Rxd3 $1 38. Qxd3 Qxe5 39. Qd8+ Be8 0-1

[Event "ACP Inaugural Internet Prelim-2"]
[Site "CXC"]
[Date "2004.04.14"]
[Round "17"]
[White "Zhukova, Natalia"]
[Black "Shomoev, Anton"]
[Result "1-0"]
[WhiteElo "2299"]
[BlackElo "2357"]
[EventDate "2004.04.13"]
[Annotator "GM Mikhail Golubev"]
[PlyCount "53"]
[Source "Chess Today"]
[SourceDate "2004.04.19"]

1. d4 Nf6 2. c4 g6 3. Nc3 d5 4. cxd5 Nxd5 5. e4 Nxc3 6. bxc3 Bg7 (
{O sacrificio de qualidade das brancas, parecido com o que ocorreu nesta partida, foi, possivelmente, testado primeiro na disputa entre Sokolsky-Tolush, 13ch-SU Omsk 1944:} 
6... c5 7. Bc4 Bg7 8. Ne2 cxd4 9. cxd4 Nc6 10. Be3 O-O 11. O-O Na5 12. Bd3 Be6
13. d5 Bxa1 14. Qxa1 f6 15. Bh6 Re8 16. Nf4 Bd7 17. e5 e6 18. dxe6 Bxe6 19. Bb5
Bd7 20. exf6 Kf7 21. Bxd7 Qxd7 22. Nh3 Ke6 23. f7 Red8 24. Re1+ {1-0}) 7. Bc4
O-O 8. Ne2 c5 9. O-O Nc6 10. Be3 Bg4 11. f3 Na5 12. Bd3 cxd4 13. cxd4 Be6
14. d5 {Uma variante extremamente atual da Defesa Grunfeld.} 14... Bxa1
15. Qxa1 f6 16. Bh6 Re8 17. Kh1 $1 Rc8 18. Nf4 Bd7 19. e5 Nc4 20. e6 Bb5 (
{Greenfeld disse que} 20... Ba4
{e o melhor para as pretas - suas longas analises terminam em empate.}) 21. Qe1
$1 Nd6 22. Bb1 $5 $146 {Uma curiosa novidade.} ({Ha alguma coisa teorica apos} 
22. Bxg6 hxg6 $1 23. Qg3 Bd3 $1 ({Nao} 23... g5 $2 24. Bxg5 Nf5 25. Qg4 Ne3
26. Qh5 Bd3 27. Ng6 Bxg6 28. Qxg6+ Kh8 29. Qh5+ Kg8 30. Bh6 Nf5 31. Qxf5 Kh8
32. Qh5 {1-0 Gustafsson-Perlitz, Dresden 2001}) 24. Nxd3 Kh7 25. Nf4 {e agora}
25... Rg8 $1 (25... g5 $2 {, Skatchkov-Smikovski, Togliatti 2003,} 26. Qh3 $3
Rh8 27. Bxg5+ Kg7 28. Qg4 $16 {Greenfeld}) 26. Qh3 Rh8 27. Bf8+ Kg8 28. Bxe7
Qxe7 $5 ({tambem e possivel} 28... Qe8 $1 {- Smikovski}) 29. Qxh8+ Kxh8
30. Nxg6+ Kg7 31. Nxe7 Rc7 $1
{resultou em um agudo final na partida Akobian-Boros, Las Vegas 2003 e tambem Yermolinsky-Kudrin, Denver 2003.})
22... Bxf1 ({Eu nao sou capaz de propor algo melhor para as pretas aqui. Se} 
22... g5 $6 {entao} 23. Bxg5 $1 Bxf1 ({depois de} 23... fxg5 24. Qe5 $1 h6
25. Nh5 {ganha}) 24. Bxh7+ ({ou} 24. Qg3 Kh8 25. Ng6+ Kg7 26. Nf8 $3) 24... Kg7
25. Qh4 fxg5 (25... Bxg2+ 26. Kxg2 {nao muda nada.}) 26. Qxg5+ Kxh7 27. Qg6+
Kh8 28. Qh6+ Kg8 29. Ng6 $1 Nf7 30. exf7+ Kxf7 31. Ne5+ Kg8 32. Qg6+ Kh8
33. Nf7#) 23. Nxg6 $1 Qb6 $2 {Este lance perde imediatamente.} (
{As pretas possuem tres caminhos de defesa. O paradoxal} 23... Bd3 $1 24. Bxd3
Qc7 $5 ({ou} 24... Nf5 $5 25. Bxf5 Qxd5 26. Nh4 Kh8) 25. h3 $1 hxg6 26. Bxg6
Nf5 27. Bxf5 Qe5 28. Qh4 Rc1+ 29. Bxc1 Qxf5
{mesmo sendo interessante, dificilmente da igualdade para as pretas}) (
{Sao mais promissoras para as brancas as linhas} 23... Rc1 24. Bxc1 Qb6 25. Bh6
$5) ({e} 23... Qc7 24. Qg3 Nf5 25. Nxe7+ Kh8 26. Nxf5 $16) 24. Qg3 $18
{Nao ha mais chance nenhuma de escapar. O mate branco e inevitavel.}
24... Bxg2+ 25. Kxg2 Qb2+ 26. Kh3 $1 f5 27. Ne5+ 1-0

[Event "1st. Coventry Chess International"]
[Site "CXC"]
[Date "2004.04.18"]
[Round "5"]
[White "Berzinsh, R ."]
[Black "Sherwin, J ."]
[Result "1-0"]
[WhiteElo "2456"]
[BlackElo "2309"]
[EventDate "2004.??.??"]
[Annotator "MI Nikolai Vlassov"]
[PlyCount "106"]
[Source "Chess Today"]
[SourceDate "2004.04.20"]

1. e4 c6 2. d4 d5 3. Nc3 dxe4 4. Nxe4 Nd7 5. Nf3 Ndf6
{Esta casa e mais frequeentemente ocupada pelo Cavalo de g8. O lance do texto deixa as pretas sem problemas com o desenvolvimento do Bispo de c8.}
6. Ned2
{As brancas, por sua vez, escolhem uma casa bastante incomum para o Cavalo. Naturalmente, o Cavalo nao vai ficar em d2, esta e apenas uma pequena parada em sua jornada rumo a e5.}
6... Bf5 $146 {Uma rara posicao e, aqui, este lance natural e uma novidade.} (
{O seguinte foi anteriormente jogado} 6... Bg4 7. c3 e6 8. Qb3 Bxf3 9. Nxf3 Qc7
10. Ne5 Bd6 11. f4 Ne7 12. Bd3 O-O 13. O-O c5 14. Bd2 Ned5 15. Rae1 cxd4
16. cxd4 Qb6 17. Qxb6 Nxb6 18. Re3 Rad8 19. Rg3 Be7 20. Bc3 g6 21. Rh3
{Janosevic,D-Matanovic,A/Zagreb 1949 0-1}) 7. Be2 e6 8. c3 Bd6 9. Nc4 Bc7
10. Qb3 Rb8 11. Bg5 h6 12. Bh4 Ne7
{Nao ha outros caminhos para desenvolver o Cavalo, a casa f6 ja esta ocupada. As pretas devem jogar com os Peoes dobrados na ala do rei, ganhando a vantagem do par de Bispos e a coluna "g" aberta para pressionar o Rei adversario.}
13. Ne3 Bh7 14. Bxf6 gxf6 15. O-O Rg8 {Esta e uma dificil decisao.} (
{E provavelmente inferior tentar} 15... O-O
{perdendo tempo para colocar o Rei em h8.}) 16. Rad1 Nd5 17. Nxd5 cxd5 (
{Nao e mau} 17... Qxd5 {e agora} 18. c4 {pode ser respondido por} 18... Qe4 $1
19. Rfe1 Ba5 20. d5 Bxe1 21. Rxe1 cxd5 22. cxd5 Qxd5
{e as brancas nao possuem nenhuma compensacao pela qualidade.}) 18. Qa4+
{Ao inves de satisfazer o seu instinto de captura, as brancas poderiam abrir o centro para atacar o Rei adversario que nao esta seguro.} (
18. c4) 18... Ke7 19. Qxa7 Be4 (
{As pretas tambem ficam com uma excelente posicao apos} 19... Qd6 20. Qc5 Qxc5
21. dxc5 Ra8 22. a3 Ra5 {recuperando o peao}) ({Nao e bastante claro} 19... Ra8
20. Qc5+ $1 ({muito pior seria} 20. Qxb7 $6 Qd7 $1 21. Qb5 Qxb5 22. Bxb5 Rxa2
23. b4 (23. Rd2 Bf4 24. Re2 Ra5 $1 $19) 23... Be4
{e, mesmo tendo um peao a mais, as brancas estao em apuros.}) 20... Bd6 21. Qb5
Qc7 22. Qb3
{A Dama branca esta segura. Nao esta claro se a iniciativa preta compensa um peao.})
20. Nh4 $2 ({O correto e} 20. Qa3+ Qd6 21. Qxd6+ Bxd6 22. g3
{E este final caminha para um empate. As brancas nao possuem muitas chances para converter o peao a mais.})
20... Ra8 $1 21. Qc5+ Bd6 22. Qb5 Qc7 23. Bf3 ({Nao} 23. g3 {em vista de}
23... Bc2 $1 ({mas nao} 23... Bxg3 $6 24. fxg3 Rxg3+ 25. Kf2 $1
{e as brancas ficam com uma peca a mais}) 24. Rd2 Ra5 {e a Dama esta presa}) (
{a situacao fica identica depois de} 23. h3 $2 Bc2 $1) 23... Bxh2+ 24. Kh1 Bxf3
{Dificilmente as brancas conseguiriam tirar o Cavalo do canto do tabuleiro.} (
{As pretas possuem vantagem depois de} 24... Bd6 25. Bxe4 dxe4 26. d5 Rg5)
25. Nxf3 Bd6 26. a3 Rg4 27. Rde1
{As brancas estao ameacando tomar em d5. Entretanto, elas nao conseguem faze-lo. Melhor e} (
27. g3) 27... Rag8 (27... Ra6 {seria um interessante lance.} 28. Qxd5 $2 (
{o correto e} 28. g3 f5 (28... Rb6 29. Qxd5 Rxb2 30. Qf5 Rg8 31. d5 e5 32. Rb1)
29. Qd3 (29. Qxd5 Ra5 30. Qb3 Qc6) 29... Qc4 30. Qxc4 (30. Qxf5 $4 Qxf1+ $1 $19)
30... dxc4 {com boas chances de empate no final.}) 28... Ra5 29. Qb3 Qc6 30. c4
Rh5+ 31. Kg1 Bh2+ 32. Kh1
{as brancas podem empatar por xeque perpetuo, mas e errado jogar para ganhar:}
32... b5 $1 33. d5 (33. cxb5 $2 Qa8 $1 $19
{com um ataque irresistivel. Aparecendo uma oportunidade, a Dama sera envolvida no ataque, via g8.})
33... Bd6+ 34. Kg1 Qc8 $1 {ameacando Txg2+!} 35. g3 bxc4
{com vantagem para as pretas.}) 28. g3 Kf8 29. Rg1 Kg7 $2
{Um atraso desnecessario.} (
{As coisas nao ficam faceis para as brancas depois de} 29... f5 30. Ne5 Bxe5
31. Rxe5 f4 32. Kh2 h5 $1 {com iniciativa.}) 30. Qd3 Kh8 31. Rg2 Qc6 (31... f5
{merece consideracao.}) 32. Rh2 Bf8 33. Kg2 Qc7 34. Reh1 Qf4 35. Rh4 Qc7 $6
{O maior erro das pretas e jogar passivamente.} ({Melhor seria} 35... Qe4
36. Qxe4 dxe4 37. Rxg4 Rxg4 38. Nd2 f5 {com uma posicao aproximadamente igual}) (
{mais perigoso para as pretas e} 35... R8g6 36. Rxg4 Rxg4 37. Rh4 Qe4 38. Qxe4
Rxe4 39. Rxe4 dxe4 40. Nd2 f5 41. Nb3 $1
{Na ausencia de todas as pecas maiores, o Cavalo branco pode promover uma avalanche de peoes na ala da dama.})
36. Rxh6+ $1 Bxh6 37. Rxh6+ Kg7 38. Qh7+ Kf8 39. Rxf6 R8g7 $2 ({Tambem nao} 
39... Rxg3+ $2 40. fxg3 Qxg3+ 41. Kf1 Qg2+ 42. Ke1 Qg3+ 43. Kd1 $18
{esgotaram-se os xeques brancos, mas elas possuem um Cavalo a mais}) (
39... R4g6 {e necessario} 40. Rxg6 Rxg6 41. Ne5 Rg7
{O Cavalo e, definitivamente, mais forte do que a Torre. Entretanto, as pretas possuem boas chances de empate.})
40. Qh6 $6 ({Mais preciso e} 40. Qh8+ $1 Rg8 (40... Ke7 41. Ne5 R4g5 42. Qh6
Ke8 43. Rxf7 $18) 41. Qh6+ Ke8 42. Ne5 R4g7 43. a4
{com grande vantagem para as brancas.}) 40... Rg6 $2
{O ultimo e fatal equivoco.} ({As pretas mantem alguma chance depois de} 
40... Kg8 $1 41. Ne5 Re4) 41. Rxg6 fxg6 42. Ne5
{A posicao preta esta arruinada, os seus Peoes vao cair um depois do outro.}
42... Kg8 43. Nxg6 Kf7 44. Ne5+ Kg8 45. Qxe6+ Kh7 46. Qxd5 $18
{Nao ha contra jogo, nem esperanca.} 46... Qe7 47. Qe4+ Kg8 48. c4 Rh7 49. Qg4+
Rg7 50. Qc8+ Kh7 51. Qf5+ Kg8 52. Ng4 Rg5 53. Nf6+ Kg7 1-0